| 000 | 00379nam a22001337a 4500 | ||
|---|---|---|---|
| 003 | NUST | ||
| 005 | 20230228145635.0 | ||
| 008 | 230228b ||||| |||| 00| 0 eng d | ||
| 082 | _a297.122,ASL | ||
| 245 |
_aMafhoom ul Quran e Majeed / _cServices Book Club |
||
| 260 |
_aArmy Education Directorate, GHQ, Rawalpindi _bSBC _c2004 |
||
| 300 | _a175p. | ||
| 942 |
_2ddc _cBK _k297.122,ASL |
||
| 999 |
_c593465 _d593465 |
||